000
00309nam a22001457a 4500
003
SGT
082
_a
370,BEL
100
_a
BELCH,GEORGE.E
245
_a
ADVERSIING AND PROMOTION
250
_a
9TH
260
_a
DELHI
_b
MC-GRAWHILL EDUCATION
_c
2013
300
_a
1016
650
_a
ADVERTISING
942
_2
ddc
_c
BK
999
_c
8802
_d
8802